000 02661cam a22006134i 4500
003 PE-LiUPU
005 20250731165441.0
008 150907s2014 sp a o000 0dspa d
020 _a8484398919
020 _a9788484398912
035 _a(Sirsi) i9788484398912
040 _aBNM
_bspa
_erdc
_cBNM
_dPE-LiUPU
_erda
049 _aPRUA
080 _a004.6(035)
080 _a004.8(035)
082 _a006.3
_bH46
_220
100 1 _aHerrera Triguero, Francisco,
_eautor.
245 1 0 _aInteligencia artificial, inteligencia computacional y Big Data /
_cFrancisco Herrera Triguero ; [entrevista, Concha Araujo ; textos, Francisco Herrera Triguero, Manuel Parras Rosa, José Luis Hidalgo García].
264 _a[Jaén] :
_bServicio de Publicaciones, Universidad de Jaén,
_c2014.
300 _a145 páginas :
_bilustraciones ;
_c22 centímetros.
336 _text
_2rdacontent
337 _unmediated
_2rdamedia
338 _volume
_2rdacarrier
490 0 _aColección Natural de Jaén
505 0 0 _aInteligencia artificial -- Inteligencia computacional. Inteligencia inspirada en la naturaleza -- Inteligencia de negocio y Big Data -- Entrevista a Francisco Herrera.
526 _aSEG44
526 _aSEG26
526 _aP151
526 _aP150
526 _aP149
526 _aP146
526 _aP145
526 _aP126
526 _aP125
526 _aP92
526 _aP75
526 _aP74
526 _aP27
526 _aP15
541 _g001-003150;
650 7 _aDatos masivos
_vObras de divulgación
_2embne
650 7 _aInteligencia artificial
_vObras de divulgación
_2embne
700 1 _aAraújo, Concha
_eentrevistador.
700 1 _aHidalgo García, José Luis,
_ecoordinador.
700 1 _aParras Rosa, Manuel,
_eeditor.
942 _2ddc
_cBOOK
949 _a006.3 H46
_wDEWEY
_c1
_i73987
_lCCODEBUL1
_mBUL
_p51.01
_r0
_sY
_tBOOK
_u2016-7-6
_xINGENIERIA
_PP27
_0COMPRA
_o.STAFF. Colección General
949 _a006.3 H46 2014
_wDEWEY
_c1
_iFJ06858
_lCCODEBUJ1
_mBUJ
_p51.21
_r0
_sY
_tBOOK
_u2017-10-22
_xINGENIERIA
_PP27
_0COMPRA
_o.STAFF -- Colección General Juliaca
994 _aC0
_bPEPRU
596 _a1 3
999 _a006.3 H46
_wDEWEY
_c10405
_i73987
_d10405
_e2018-5-6
_f2021-11-9
_g7
_lCCODEBUL1
_mBUL
_n1
_p51.01
_q4
_r0
_sY
_tBOOK
_u2016-7-6
_xINGENIERIA
_PP27
_0COMPRA
_o.STAFF. Colección General
999 _a006.3 H46 2014
_wDEWEY
_c1
_iFJ06858
_f2021-12-27
_g4
_lCCODEBUJ1
_mBUJ
_p51.21
_r0
_sY
_tBOOK
_u2017-2-14
_xINGENIERIA
_PP27
_0COMPRA
_o.STAFF. Colección General Juliaca
980 _81
_gALBERTO SANCHEZ Responsable de Automatización